000
00328nam a22001457a 4500
008
210311b ||||| |||| 00| 0 eng d
020
_a
0801666104
041
_a
eng
080
_2
3rd
_a
611.085
082
_a
611.085
100
_a
9
101
_a
HIS
245
_a
Applied Veterinary Histology
_c
Banks, W. J
942
_2
udc
_c
BK
999
_c
56317
_d
56317